000 00608nam a2200217Ia 4500
003 OSt
005 20221005081346.0
006 a|||||r|||| 00| 0
007 ta
008 221004b |||||||| |||| 00| 0 eng d
024 _a65169
037 _cTextual
040 _aCRL
_cCRL
_beng
041 _2eng
_aeng
082 _aX:275.2.N9 <-- N5, M5
245 0 _aCapital and technological progress in the India economy, 1950-51-1980-81.
260 _aNew Delhi
_bRadiant India
_c1985
650 _aECONOMICS
942 _hX:275.2.N9 <-- N5, M5
_cTEXL
_2cc
999 _c987608
_d987608